| 000 | 00351nam a2200145Ia 4500 | ||
|---|---|---|---|
| 008 | 150201s2011 xx 000 0 und d | ||
| 082 |
_a617.6 _bC2011S |
||
| 100 | _aSATTUR,G.B. | ||
| 245 | _aCLINICAL MEDICINE IN DENTAL PRACTICE | ||
| 250 | _a1ST | ||
| 260 |
_bELSEVIER _aDELHI _c2011 |
||
| 300 | _a1-380 | ||
| 650 | _aORAL MEDICINE | ||
| 942 |
_2ddc _cBK |
||
| 999 |
_c4698 _d4698 |
||